Statistics for Capital Cities with U as the first vowel in their name

Click here to take the quiz!

General Stats

  • This quiz has been taken 67 times
    (46 since last reset)
  • The average score is 14 of 23

Answer Stats

Answer% Correct
Dublin
86%
Ulaanbaatar
83%
Bucharest
81%
Budapest
81%
Tunis
75%
Buenos Aires
72%
Kuwait City
72%
Guatemala City
69%
Brussels
67%
Juba
67%
Luxembourg
67%
Luanda
64%
Kuala Lumpur
61%
Lusaka
61%
Quito
58%
Funafuti
56%
Muscat
56%
Suva
56%
Sucre
50%
Ljubljana
47%
Dushanbe
44%
Nukuʻalofa
39%
Bujumbura
36%

Score Distribution

Percentile by Number Answered

Percent of People with Each Score

Your Score History

You have not taken this quiz since the last reset